000 00899nam a2200241 a 4500
001 4306
003 CO-ViMGA
008 141112s2004 ck r 000 u spa d
040 _aCO-ViMGA
_bspa
_cCO-ViMGA
082 0 4 _a986.102 C111
100 1 _aCabarcas Antequera, Hernando
_96216
245 1 0 _aBestiario del nuevo reino de granada :
_bla imaginación animalística medieval y la descripción literaria de la naturaleza Américana
260 _aSantafé de Bogotá :
_bColcultura,
_c1994
300 _a196 p : il
490 _aBiblioteca daniel samper ortega, 1
590 _aForma de adquisición : Donación - - Precio :
_15.000
650 1 4 _aANIMALES - CUENTOS Y LEYENDAS
650 1 4 _aANIMALES FABULOSOS
_93165
650 1 4 _aCOLOMBIA - HISTORIA - NUEVA GRANADA
_96217
650 1 4 _aLITERATURA FANTASTICA COLOMBIANA
_96218
650 1 4 _aMONSTRUOS EN LA LITERATURA
_96219
942 _2ddc
_cBK
999 _c16319
_d16319